00378nam a22001097a 450000500170000002000180001708200170003510000200005224501290007226000480020130000190024920250929120606.0 a9780143470069 a330.98 LOS/L aLoser,Claudio M aLatin america : ba history of economic potential and disappointment , and ahope for future prosperity/cby Claudia M Loser a. - Haryanab: Penguin Random Housec, 2024 axxii+218 pages